The Marauders Era - Statistics

General Stats
  • This quiz has been taken 1,172 times
  • The average score is 32 of 36
Answer Stats
Hint Answer % Correct
Remus' last name Lupin
100%
Remus' nickname Moony
99%
Sirius' last name Black
97%
James' last name Potter
97%
Nickname Padfoot
96%
Lily's last name Evans
95%
Peter's last name Pettigrew
95%
Nickname Prongs
95%
Nickname Wormtail
94%
Regulus' last name Black
93%
Severus' last name Snape
93%
Who is the couple known as 'Jily' ? (Canon) James and Lily
92%
Death year 1981
91%
Who is the couple known as 'Starchaser' or 'Jegulus' ? (Fanon) James and Regulus
91%
Frank's last name Longbottom
91%
Birth year 1960
90%
Death year 1998
90%
Barty's last name Crouch
90%
Who is the couple known as 'Dorlene' ? (Fanon) Dorcas and Marlene
90%
Who is the couple known as 'Wolfstar' ? (Fanon) Sirius and Remus
90%
Birth year 1959
89%
Birth year 1960
89%
Birth year 1960
89%
Death year 1981
89%
Death year 1995
89%
Death year 1998
88%
Birth year 1960
87%
Marlene's last name McKinnon
86%
Birth year 1961
85%
Death year 1979
85%
Dorcas' last name Meadowes
82%
Mary's last name Macdonald
80%
Nickname Snivellus
79%
Nickname Reggie
74%
Alice's last name Fortescue
54%
Nickname Evans
41%
No matching quizzes found
Score Distribution
Percent of People with Each Score
Percentile by Number Answered
Your Score History
You have not taken this quiz